000 00698nam a22002057a 4500
005 20260102124221.0
010 _aENG-147389
020 _a9789373592817
_c450.00
035 _aEN-130921
037 _bDBAD
082 _a913
_210
100 _aKeshri, Anil
_986203
245 _aGeography of India Through Maps/
_cAnil Keshri
250 _a10
260 _aNew Delhi
_bS Chand and Company Limited
_c2026
270 _a A-27, 2nd Floor, Mohan Co-operative Industrial Estate
_bNew Delhi
_e110044
_minfo@schandpublishing.com
_k011-49731800
300 _a332p.
_c26cm(pb)
500 _aUseful For General Studies (IAS/PCS) and Academic Examinations
942 _2ddc
_cEN
_h913
_mKES
999 _c214003
_d214003